000 00397nam a22001697a 4500
003 CEME
005 20210628203600.0
008 210201b xxu||||| |||| 00| 0 eng d
040 _c.
082 _a891.4393 MIR
100 _aMirza Adeeb
_966381
245 _aPas-e-pardah
260 _aLAHORE
_bMAQBOOL ACADEMY
_c1999
300 _a207P
650 _aURDU ADAB-DRAMA
_965638
942 _cBK
_2ddc
999 _c574353
_d574353